000 01172nam0a2200265 4500
001 RU\NLR\BIBL_A\022542982
005 20250630175815.0
035 _a(NLR Aleph) 022542982
090 _a13410263
_c13410263
100 _a20250516a1942 |||y0rusy50 ca
101 0 _aarm
102 _aAM
105 _ay z 000 y
181 0 _ai
_baxxe
182 0 _an
200 1 _aՊանրի հեղուկ մակարդակ պատրաստելն ու օգտագործելը
_eհաստատված է ՀՍՍՌ Հողժողկոմատի կողմից
_fՀՍՍՌ հողժողկոմատ ռեսպուբլիկական անասնապահական փորձկային օգնություն կոլտնտեսւթուններին
_gՎ.Քյուրքջյան
203 _aТекст
_bвизуальный
_cнепосредственный
210 _aԵրեվան
_cՀայպետհրատ
_d1942
215 _a7,[1] с.
_d21
541 1 _6z01790
_aПриготовление жидкой закавкази и со использование в сыроделии
_zrus
700 1 _aՔյուրքջյան
_bՎ.
_4070
790 1 _6z01541
_aКюркчян
_bВ.
_4070
942 _cBOOK
980 _aNB